000 01100nam a22002657a 4500
005 20240530110508.0
008 151024s2010 ua a f 000 0 ara d
017 _a2010/20043
_bمصر . دار الكتب المصرية
040 _aEG-CaGPL
082 0 4 _221
_a071.962
_bق/ع ص
100 0 _aعواطف عبدالرحمن .
245 1 2 _aالصحافة الصهيونية فى مصر 1897 - 1954 :
_bدراسة تحليلية /
_cعواطف عبدالرحمن .
250 _aط3.
260 _aالقاهرة :
_bمكتبة جزيرة الورد ،
_c2011 .
300 _a295 ص ؛
_c24 سم .
650 0 4 _aالصحافة الصهيونية .
650 0 4 _aاليهود
_xالاحوال الثقافية
_zمصر .
650 0 4 _aاليهود
_xالاحوال الاقتصادية
_zمصر .
650 0 4 _aاليهود
_xالاحوال السياسية
_zمصر .
650 0 4 _aاليهود
_zمصر .
650 0 4 _aالصحافة الصهيونية
_zمصر .
650 0 4 _aالصحف الصهيونية
_zمصر .
942 _2ddc
_cBK
999 _c61616
_d61616